000 00963namaa2200277 i 4500
003 EG-GICUC
005 20260215104217.0
008 260215s2000 sy ||||jr|||| 000 0 ara d
040 _aEG-GiCUC
_bara
_cEG-GiCUC
_dEG-GiCUC
_erda
082 0 4 _221
_a811.9
_by959
092 0 4 _221
_a811.9
_by959
099 _a811.9 y959
100 1 _aاليوسف، يوسف سامى.
_eمؤلف.
245 0 2 _aالقيمة و المعيار :
_bإسهام فى نظرية الشعر /
_cيوسف سامى اليوسف.
250 _aالطبعة الاولى.
264 _aدمشق :
_bدار كنعان،
_c2000.
300 _a102 ؛ صفحة
_c24 سم.
336 _2rdacontent
_atext
337 _2rdamedia
_aUnmediated
338 _2rdacarrier
_avolume
541 _aد. جابر عصفور ؛
_bالقاهرة ؛
_cإهداء ؛
_d2024.
650 1 7 _aالشعر العربى
_xتاريخ و نقد
_2qrmak
651 1 _2qrmak
905 _aNoha
942 _2ddc
_cBK
_e21
_n0
999 _c178474
_d178474